| 000 | 01175 a2200205 4500 | ||
|---|---|---|---|
| 001 | 29065 | ||
| 005 | 20260407155559.0 | ||
| 008 | 260407a1983 arg spa d | ||
| 003 | AR-UNSa-BCEJYS | ||
| 040 |
_aAR-UNSa-BCEJYS _bspa _cAR-UNSa-BCEJYS |
||
| 080 |
_a657 _xContabilidad |
||
| 245 | 1 | 0 | _aTratado de normas, doctrina y prácticas contables |
| 264 | 1 |
_aBuenos Aires : _bEdiciones Contabilidad Moderna _c1983 |
|
| 300 |
_a4v. _c22 cm. |
||
| 505 | _aTomo I: Valuación: 1. Lineamientos de los modelos contables de valuación - 2. Normas contables sobre valuación - Tomo II: 3. Normas contables sobre exposición - Tomo III: 4. Criterios de valuación y exposición - Tomo IV: Ajuste por inflación y valores corrientes : 5. Métodos integrales de ajuste por inflación - 6. Métodos significados de ajuste por inflación - 7. Revaluos técnicos y activación de gastos financieros - 8. Reformulación de los PCGA. | ||
| 942 | _cBK | ||
| 590 | _aniveau_biblio:m niveau_hierar:0 | ||
| 100 | 1 | _aSenderovich, Isaac Aizik | |
| 856 | 4 | 1 |
_uhttps://biblioeco.unsa.edu.ar/pmb/images/libros/Tratado de normas, doctrina y pr?cticas contables-l44028.jpg _yImagen de portada _qimage/jpeg |
| 999 |
_c1794 _d1794 |
||